000
00305 a2200157 4500
001
62393
020
_a
2854951204
040
_c
Anchieta - Pituba
100
_a
Saule, Béatrice
240
1
0
_a
Versalhes
_l
por
245
1
0
_a
Versalhes
300
_a
95
362
0
_a
2005
650
4
_a
Artes
942
_c
BK
999
_c
62393
_d
62393